00910nam a22001817a 450000500170000000800410001704000250005804100080008304400070009110000320009824501550013026000970028530000360038252002230041865000190064165000300066070000380069020160209020003.0131114b2003 ck ||||| |||| 00| 0 spa d aCO-BoIAVHcCO-BoIAVH aspa ack aToro Campuzano- Ana Milena  aEstudio preliminar de la abundancia del mono aullador Alouatt seniculus linnaes 1766 bEn tres bosques del norte del departamento de Quindio- Colombia aArmeniabInstituto de Investigación de Recursos Biológicos Alexander von Humboldtc2003 a57 p.bgraficos, tablasc27 cm. aEstudio de la especie Alouatta seniculus (mono aullador) en Quindio, en la que se encuentra bajo presión, debido a la reducción de su hábitat natural a consecuencia del aumento de la frontera agricola y ganadera. aMono aullador  aBosqueszNorte de Quindio aMarin Grisales - Cielo Alexandra